000 00622nam a2200241Ia 4500
003 OSt
005 20221007072344.0
006 a|||||r|||| 00| 0
007 ta
008 221006b |||||||| |||| 00| 0 eng d
024 _a25,147
037 _cTextual
040 _aFLL
_cFLL
_beng
041 _2eng
_aeng
082 _a3:81, J2
100 _aWhite T.A. Blanco
_9690315
245 0 _aLaw of arbitration
250 _a15th
260 _aLondon
_bStevens & Sons Ltd. London
_c1952
300 _axxxviii,1-412p
_ccm.
942 _h3:81, J2
_cTEXL
_2CC
999 _c1145843
_d1145843